Software engineering : A practioners approach (Record no. 180180)

MARC details
000 -LEADER
fixed length control field 00427nam a2200157Ia 4500
008 - FIXED-LENGTH DATA ELEMENTS--GENERAL INFORMATION
fixed length control field 230917s9999||||xx |||||||||||||| ||und||
040 ## - CATALOGING SOURCE
-- 228273
Original cataloging agency VIVEKANANDA LIBRARY
041 ## - Language
-- English
082 ## - DDC NUMBER
Classification number 005.1 P926S(7)
100 ## - MAIN ENTRY--PERSONAL NAME
Personal name Presman, Roger P
245 #0 - TITLE STATEMENT
Title Software engineering : A practioners approach
250 ## - EDITION STATEMENT
Edition statement 7th ed.
260 ## - PUBLICATION, DISTRIBUTION, ETC. (IMPRINT)
Place of publication, distribution, etc New Delhi
Name of publisher, distributor, etc McGraw-Hill Education (India)
Date of publication, distribution, etc 2015
300 ## - PHYSICAL DESCRIPTION
Pages xxviii, 895 p.
942 ## - ADDED ENTRY ELEMENTS (KOHA)
Koha item type Books
Holdings
Withdrawn status Lost status Damaged status Not for loan Location (home branch) Sublocation or collection (holding branch) Shelving location Date acquired Koha issues (times borrowed) Koha full call number Accession No. Koha date last seen Koha item type
        VIVEKANANDA LIBRARY VIVEKANANDA LIBRARY UIET Library 14/09/2015   005.1 P926S(7) 348990 17/09/2023 Books
        VIVEKANANDA LIBRARY VIVEKANANDA LIBRARY UIET Library 14/09/2015   005.1 P926S(7) 348991 17/09/2023 Books
        VIVEKANANDA LIBRARY VIVEKANANDA LIBRARY UIET Library 14/09/2015 2 005.1 P926S(7) 348992 26/12/2024 Books
        VIVEKANANDA LIBRARY VIVEKANANDA LIBRARY UIET Library 14/09/2015   005.1 P926S(7) 348993 17/09/2023 Books
        VIVEKANANDA LIBRARY VIVEKANANDA LIBRARY UIET Library 14/09/2015   005.1 P926S(7) 348994 17/09/2023 Books
        VIVEKANANDA LIBRARY VIVEKANANDA LIBRARY UIET Library 14/09/2015   005.1 P926S(7) 348995 17/09/2023 Books
        VIVEKANANDA LIBRARY VIVEKANANDA LIBRARY UIET Library 14/09/2015   005.1 P926S(7) 348996 17/09/2023 Books
        VIVEKANANDA LIBRARY VIVEKANANDA LIBRARY UIET Library 14/09/2015   005.1 P926S(7) 348997 17/09/2023 Books
        VIVEKANANDA LIBRARY VIVEKANANDA LIBRARY UIET Library 14/09/2015   005.1 P926S(7) 348998 17/09/2023 Books
        VIVEKANANDA LIBRARY VIVEKANANDA LIBRARY UIET Library 14/09/2015 1 005.1 P926S(7) 348999 01/12/2023 Books
        VIVEKANANDA LIBRARY VIVEKANANDA LIBRARY UIET Library 14/09/2015   005.1 P926S(7) 349000 17/09/2023 Books
        VIVEKANANDA LIBRARY VIVEKANANDA LIBRARY UIET Library 14/09/2015   005.1 P926S(7) 349001 17/09/2023 Books
        VIVEKANANDA LIBRARY VIVEKANANDA LIBRARY UIET Library 14/09/2015   005.1 P926S(7) 349002 17/09/2023 Books
        VIVEKANANDA LIBRARY VIVEKANANDA LIBRARY UIET Library 14/09/2015   005.1 P926S(7) 349003 17/09/2023 Books
        VIVEKANANDA LIBRARY VIVEKANANDA LIBRARY UIET Library 14/09/2015   005.1 P926S(7) 349004 17/09/2023 Books
© Designed and Maintained by Vivekananda Library, MDU Rohtak